Historia del toreo en México : epoca colonial (1529-1821) /

Historia de la introducción de las corridas de toros en México en tiempos de la colonia y su desarrollo como fiesta popular mexicana. El documento se compone de cuatro apartados identificados por los siglos correspondientes: Siglo XVI (1529-1600); Siglo XVII (1601-1700); Siglo XVIII (17001-1800); Si...

Descripció completa

Guardat en:
Dades bibliogràfiques
Autor principal: Rangel, Nicolás (autor)
Format: Llibre
Idioma:espanyol
Matèries:
Etiquetes: Afegir etiqueta
Sense etiquetes, Sigues el primer a etiquetar aquest registre!

MARC

LEADER 00000nam^a2200000^a^4500
001 000158700
005 20250526000000.0
009 20260310100623.937
037 |a Acervo ITESO - Biblioteca 
041 |a ESP 
082 |a 972. 03  |b RAN 
100 |a Rangel, Nicolás  |e (autor) 
245 1 0 |a Historia del toreo en México :  |b epoca colonial (1529-1821) /  |c N. Rangel. 
264 |a México :  |b Imprenta de Manuel León Sánchez /  |c 1924 
300 |a 374 p. ;  |c 25.0 cm. 
520 |a Historia de la introducción de las corridas de toros en México en tiempos de la colonia y su desarrollo como fiesta popular mexicana. El documento se compone de cuatro apartados identificados por los siglos correspondientes: Siglo XVI (1529-1600); Siglo XVII (1601-1700); Siglo XVIII (17001-1800); Siglo XIX(1801-1821). 
649 |a XX 
650 |a Corridas de Toros -  |z México -  |x Historia -  |y Epoca Colonial, 1517-1821 
650 |a Corridas de Toros -  |z México -  |x Historia 
650 |a Prácticas Culturales -  |z México -  |x Historia -  |y Epoca Colonial, 1517-1821 
650 |a Ocio y Tiempo Libre -  |z México -  |x Aspectos Sociales y Culturales 
650 |a Prácticas Culturales -  |z México -  |x Historia 
650 |a México -  |x Historia -  |y Epoca Colonial, 1517-1821 
650 |a México -  |x Historia 
910 |a Fondo Salvador Reynoso Reynoso 
920 |a Impresos - Libros 
930 |a Libros Antiguos y Raros 
905 |a 108 
901 |a 0500090233  |b IT2  |c LRA  |u 20250526 
902 |a https://opac.biblio.iteso.mx/vufind/Record/000158700